00964 2200217 4500001002100000005001500021035002000036007000300056008004100059020001800100082001100118084001700129100001800146245004500164250001200209260002800221300002100249700001000270520045000280990001600730INLIS00000000000015120260526013958 a0010-0526000039ta260526 b 0 ind  a9789797529116 a297.56 a297.56 BEN a0 aBeny Rhamdani1 aAku Cantik Pakai Jilbab /cBeny Rhamdani aCet. IV aBandung :bMizan,c2023 a10 hlm. :bIlus.0 aTelia aBuku Aku Cantik Pakai Jilbab mengenalkan pentingnya memakai jilbab bagi perempuan Muslim dengan cara yang sederhana dan menyenangkan. Buku ini menjelaskan bahwa jilbab bukan hanya penutup aurat, tetapi juga bentuk ketaatan kepada Allah SWT serta mencerminkan sikap sopan dan menjaga diri. Disertai ilustrasi dan cerita menarik, buku ini membantu anak-anak memahami nilai-nilai Islami, percaya diri, dan membiasakan berbusana Muslimah sejak dini. a00000000179